00623nam a2200181 i 4500001000700000003000900007005001700016007000300033008004100036080001900077100003500096245013900131250001200270260005300282300004600335650002400381852003600405176097ES-MaACL20250804120526.0t|101216s1955 sp o ||||1| spa d a730(460.27 M.)1 aSanz García, José María.10aMadrid es así b: representación gráfica de la Villa y Corte. nI,pCien monumentos callejeros / cpor José Mª Sanz García. a1ª ed. aMadrid : bServicio Comercial del Libro, c1955. a[18], [84] p. de fot. bl. y n. ; c22 cm.04aMonumentos-zMadrid aES-MaACLj2272-F-9 xOlim P-901